| 000 | 00564nam a22001817a 4500 | ||
|---|---|---|---|
| 005 | 20251108164021.0 | ||
| 008 | 250721s1994 xx 000 0 ara d | ||
| 082 | 1 | 4 | _a001.6424/قبي |
| 100 | 1 | _aقبيعه، محمد جمال أحمد | |
| 245 | 1 | 0 | _aالمرجع الكامل لنظام التشغيل دوس / |
| 246 | 1 | 1 | _aMS - DOS 6.0 |
| 264 | 1 |
_aبيروت : _bدار الراتب، _c1994. |
|
| 300 | _a618ص. | ||
| 490 | 0 | _aسلسلة المبرمج العربي المتطور ؛1 | |
| 650 | 1 | 7 | _aالحواسيب |
| 942 |
_2ddc _cBK |
||
| 999 |
_c1510 _d1510 |
||